[Event "PHI-ch (Women)"]
[Site "Boracay Island"]
[Date "2012.07.22"]
[Round "11"]
[White "Suede, Akiko Charmaine"]
[Black "Mirano, Mira"]
[Result "0-1"]
[WhiteElo "1892"]
[BlackElo "1738"]
[PlyCount "108"]
[EventDate "2012.07.15"]
[EventType "tourn"]
[EventRounds "15"]
[EventCountry "PHI"]
[SourceTitle "CBM 149 Extra"]
[Source "ChessBase"]
[SourceDate "2012.08.24"]
[SourceVersion "1"]
[SourceVersionDate "2012.08.24"]
[SourceQuality "1"]

1. e4 c5 2. Nc3 Nc6 3. Bb5 Nd4 4. Bc4 e6 5. Nf3 Nf6 6. 0-0 a6 7. d3 b5 8. Bb3 Nxb3 9. axb3 Bb7 10. Bg5 Be7 11. e5 Nd5 12. Ne4 f6 13. exf6 Nxf6 14. Nfd2 0-0 15. f4 Nd5 16. Qe2 Bxg5 17. fxg5 Qc7 18. Rae1 Nf4 19. Qg4 Kh8 20. Rf2 e5 21. Ref1 d5 22. Ng3 Rae8 23. Nh5 Bc8 24. Qh4 Ng6 25. Qg3 Kg8 26. Rxf8+ Rxf8 27. Rxf8+ Nxf8 28. Qf3 Qf7 29. Ng3 Ng6 30. Kf2 Qxf3+ 31. gxf3 Kf7 32. Ne2 Nf4 33. Ng1 Ne6 34. h4 Nd4 35. c3 Nc6 36. f4 Bf5 37. Ngf3 exf4 38. d4 cxd4 39. Nxd4 Nxd4 40. cxd4 Be4 41. Nf3 Ke6 42. b4 Kf5 43. Ne5 h6 44. gxh6 gxh6 45. Ke2 Bg2 46. Kf2 Bh3 47. Kf3 h5 48. Nc6 Bg4+ 49. Kf2 Ke4 50. Nb8 Kxd4 51. Nxa6 Kc4 52. Nc5 d4 53. Ke1 f3 54. Kf2 Kxb4 0-1

[Event "PHI-ch (Women)"]
[Site "Boracay Island"]
[Date "2012.07.16"]
[Round "2"]
[White "Suede, Akiko Charmaine"]
[Black "Galas, Bernadette"]
[Result "0-1"]
[WhiteElo "1892"]
[BlackElo "1715"]
[PlyCount "90"]
[EventDate "2012.07.15"]
[EventType "tourn"]
[EventRounds "15"]
[EventCountry "PHI"]
[SourceTitle "CBM 149 Extra"]
[Source "ChessBase"]
[SourceDate "2012.08.24"]
[SourceVersion "1"]
[SourceVersionDate "2012.08.24"]
[SourceQuality "1"]

1. e4 c5 2. Nc3 Nc6 3. Bb5 Nd4 4. Bc4 e6 5. Nf3 Nf6 6. d3 d5 7. Bb3 Nxb3 8. axb3 Bd7 9. e5 Ng8 10. 0-0 Bc6 11. Qe2 a6 12. Rd1 Qc7 13. d4 Nh6 14. Be3 cxd4 15. Nxd4 Rc8 16. Bxh6 gxh6 17. Qh5 Qe7 18. f4 Rg8 19. Rd2 Rg6 20. h4 Qb4 21. Kh1 Bc5 22. Nxc6 Rxc6 23. Ra4 Qb6 24. f5 exf5 25. Nxd5 Qb5 26. Qxf5 Kf8 27. Rf4 Rg7 28. Nc3 Qa5 29. Rd7 Be7 30. Rxb7 Qd8 31. Rd7 Qa5 32. Rfd4 Re6 33. Qf3 Rgg6 34. R7d5 Qa1+ 35. Rd1 Qxb2 36. Rf1 f6 37. h5 Rg5 38. exf6 Rxf6 39. Qd3 Qxc3 40. Rd8+ Kf7 41. Qxh7+ Rg7 42. Rxf6+ Qxf6 43. Rf8+ Bxf8 44. Qe4 Qf1+ 45. Kh2 Bd6+ 0-1